The Monkees Songs - Statistics

General Stats
  • This quiz has been taken 365 times
  • The average score is 31 of 163
Answer Stats
Album Answer % Correct
The Monkees (1966) Last Train to Clarksville
83%
The Birds, the Bees & the Monkees (1968) Daydream Believer
76%
More of the Monkees (1967) I'm a Believer
73%
The Monkees (1966) (Theme From) the Monkees
63%
Pisces, Aquarius, Capricorn & Jones Ltd. (1967) Pleasant Valley Sunday
50%
More of the Monkees (1967) She
49%
Head (1968) Porpoise Song
46%
The Monkees (1966) Papa Gene's Blues
44%
Headquarters (1967) For Pete's Sake
43%
The Monkees (1966) I Wanna Be Free
42%
More of the Monkees (1967) Mary, Mary
42%
Headquarters (1967) Randy Scouse Git
42%
The Birds, the Bees & the Monkees (1968) Valleri
41%
The Monkees (1966) Gonna Buy Me a Dog
40%
Headquarters (1967) Shades of Gray
40%
More of the Monkees (1967) Look Out (Here Comes Tomorrow)
39%
Pisces, Aquarius, Capricorn & Jones Ltd. (1967) Words
38%
More of the Monkees (1967) Your Auntie Grizelda
38%
The Monkees (1966) Let's Dance On
36%
More of the Monkees (1967) (I'm Not Your) Steppin' Stone
35%
The Monkees (1966) Saturday's Child
35%
Pisces, Aquarius, Capricorn & Jones Ltd. (1967) Cuddly Toy
34%
Head (1968) | Justus (1996) Circle Sky
33%
The Monkees (1966) Take a Giant Step
33%
The Birds, the Bees & the Monkees (1968) Tapioca Tundra
33%
Head (1968) Daddy's Song
32%
More of the Monkees (1967) Sometime in the Morning
32%
Pisces, Aquarius, Capricorn & Jones Ltd. (1967) Star Collector
32%
The Monkees Present (1969) Listen to the Band
31%
Pisces, Aquarius, Capricorn & Jones Ltd. (1967) Salesman
31%
The Monkees (1966) This Just Doesn't Seem to Be My Day
30%
Headquarters (1967) Zilch
29%
The Monkees (1966) I'll Be True to You
28%
More of the Monkees (1967) Laugh
28%
The Monkees (1966) Sweet Young Thing
28%
The Monkees (1966) Tomorrow's Gonna Be Another Day
28%
Pisces, Aquarius, Capricorn & Jones Ltd. (1967) What Am I Doing Hangin' 'Round?
28%
Headquarters (1967) No Time
27%
Pisces, Aquarius, Capricorn & Jones Ltd. (1967) Daily Nightly
26%
Pisces, Aquarius, Capricorn & Jones Ltd. (1967) She Hangs Out
26%
More of the Monkees (1967) The Day We Fall in Love
26%
Pisces, Aquarius, Capricorn & Jones Ltd. (1967) The Door into Summer
26%
More of the Monkees (1967) When Love Comes Knockin' (At Your Door)
26%
Headquarters (1967) You Just May Be the One
26%
Head (1968) As We Go Along
25%
Headquarters (1967) Sunny Girlfriend
25%
The Birds, the Bees & the Monkees (1968) Zor and Zam
25%
Headquarters (1967) Forget That Girl
24%
More of the Monkees (1967) Hold On Girl
24%
Head (1968) Can You Dig It?
23%
Pisces, Aquarius, Capricorn & Jones Ltd. (1967) Love Is Only Sleeping
23%
The Birds, the Bees & the Monkees (1968) The Poster
23%
Headquarters (1967) Band 6
22%
Instant Replay (1969) Don't Listen to Linda
22%
Headquarters (1967) Mr. Webster
22%
Headquarters (1967) You Told Me
22%
Pisces, Aquarius, Capricorn & Jones Ltd. (1967) Don't Call on Me
21%
The Birds, the Bees & the Monkees (1968) Dream World
21%
More of the Monkees (1967) The Kind of Girl I Could Love
21%
Head (1968) Ditty Diego
20%
Headquarters (1967) Early Morning Blues and Greens
20%
The Birds, the Bees & the Monkees (1968) Auntie's Municipal Court
19%
Head (1968) Long Title: Do I Have to Do This All Over Again?
19%
The Birds, the Bees & the Monkees (1968) Magnolia Simms
19%
The Monkees Present (1969) Mommy and Daddy
19%
Headquarters (1967) I'll Spend My Life with You
18%
The Birds, the Bees & the Monkees (1968) P.O. Box 9847
18%
The Birds, the Bees & the Monkees (1968) Writing Wrongs
18%
Head (1968) Gravy
17%
Pisces, Aquarius, Capricorn & Jones Ltd. (1967) Hard to Believe
17%
Good Times! (2016) Me & Magdalena
17%
Pisces, Aquarius, Capricorn & Jones Ltd. (1967) Peter Percival Patterson's Pet Pig Porky
17%
Instant Replay (1969) Shorty Blackwell
17%
Instant Replay (1969) Tear Drop City
17%
Instant Replay (1969) Through the Looking Glass
17%
Head (1968) Dandruff?
16%
The Birds, the Bees & the Monkees (1968) I'll Be Back Up on My Feet
16%
Head (1968) Opening Ceremony
16%
The Birds, the Bees & the Monkees (1968) We Were Made for Each Other
16%
Instant Replay (1969) | Justus (1996) You and I
16%
Good Times! (2016) Good Times
15%
Pool It! (1987) Heart and Soul
15%
Instant Replay (1969) I Won't Be the Same Without Her
15%
Changes (1970) Oh My My
15%
Head (1968) Poll
15%
Head (1968) Supplicio
15%
The Monkees Present (1969) Good Clean Fun
14%
The Monkees Present (1969) Ladies Aid Society
14%
Instant Replay (1969) Me Without You
14%
Good Times! (2016) You Bring the Summer
14%
Instant Replay (1969) Don't Wait for Me
13%
Instant Replay (1969) Just a Game
13%
Pool It! (1987) Midnight
13%
Changes (1970) Midnight Train
13%
Instant Replay (1969) A Man Without a Dream
11%
The Monkees Present (1969) Bye Bye Baby Bye Bye
11%
Good Times! (2016) | The Monkees Present (1969) Little Girl
11%
The Monkees Present (1969) Never Tell a Woman Yes
11%
The Monkees Present (1969) Pillow Time
11%
Instant Replay (1969) While I Cry
11%
The Monkees Present (1969) French Song
10%
Headquarters (1967) I Can't Get Her Off My Mind
10%
The Monkees Present (1969) If I Knew
10%
Good Times! (2016) She Makes Me Laugh
10%
Instant Replay (1969) The Girl I Left Behind Me
10%
The Monkees Present (1969) Looking for the Good Times
9%
The Monkees Present (1969) Oklahoma Backroom Dancer
9%
Changes (1970) All Alone in the Dark
7%
Changes (1970) Do You Feel It Too?
7%
Pool It! (1987) Gettin' In
7%
Christmas Party (2018) House of Broken Gingerbread
7%
Changes (1970) I Never Thought It Peculiar
7%
Pool It! (1987) Since You Went Away
7%
Head (1968) Superstitious
7%
Changes (1970) Ticket on a Ferry Ride
7%
Changes (1970) 99 Pounds
6%
Changes (1970) Acapulco Sun
6%
Christmas Party (2018) Angels We Have Heard on High
6%
Good Times! (2016) Birth of an Accidental Hipster
6%
Christmas Party (2018) Christmas Party
6%
Pool It! (1987) Counting on You
6%
Pool It! (1987) Don't Bring Me Down
6%
Good Times! (2016) Gotta Give It Time
6%
Pool It! (1987) (I'd Go The) Whole Wide World
6%
Changes (1970) I Love You Better
6%
Justus (1996) It's Not Too Late
6%
Good Times! (2016) I Was There (And I'm Told I Had a Good Time)
6%
Christmas Party (2018) Jesus Christ
6%
Good Times! (2016) Love to Love
6%
Christmas Party (2018) Mele Kalikimaka
6%
Justus (1996) Regional Girl
6%
Pool It! (1987) Secret Heart
6%
Changes (1970) Tell Me Love
6%
Christmas Party (2018) Unwrap You at Christmas
6%
Christmas Party (2018) What Would Santa Do
6%
Justus (1996) Admiral Mike
5%
Justus (1996) Dyin' of a Broken Heart
5%
Pool It! (1987) Every Step of the Way
5%
Justus (1996) I Believe You
5%
Good Times! (2016) I Know What I Know
5%
Changes (1970) It's Got to Be Love
5%
Christmas Party (2018) I Wish It Could Be Christmas Every Day
5%
Pool It! (1987) Long Way Home
5%
Good Times! (2016) Our Own World
5%
Pool It! (1987) She's Movin' in With Rico
5%
Christmas Party (2018) The Christmas Song
5%
Changes (1970) You're So Good to Me
5%
Pool It! (1987) (I'll) Love You Forever
4%
Justus (1996) It's My Life
4%
Christmas Party (2018) Merry Christmas, Baby
4%
Justus (1996) Never Enough
4%
Justus (1996) Oh, What a Night
4%
Justus (1996) Run Away from Life
4%
Christmas Party (2018) Silver Bells
4%
Christmas Party (2018) Snowfall
4%
Justus (1996) Unlucky Stars
4%
Good Times! (2016) Wasn't Born to Follow
4%
Good Times! (2016) Whatever's Right
4%
Christmas Party (2018) Wonderful Christmastime
4%
Head (1968) Swami – Plus Strings, Etc.
3%
No matching quizzes found
Score Distribution
Percent of People with Each Score
Percentile by Number Answered
Your Score History
You have not taken this quiz